| 000 | 00449nam a22001217a 4500 | ||
|---|---|---|---|
| 999 |
_c21554 _d21554 |
||
| 008 | 240912b ||||| |||| 00| 0 eng d | ||
| 100 |
_aDiala, Sherwin I. _eauthor. _960822 |
||
| 245 |
_aLesson guide in business mathematics / _cSherwin I. Diala. |
||
| 260 |
_aPhilippines; _bPublishers Association of the Philippines, Inc., _cJanuary 2020. |
||
| 300 | _aVolume 168, pages 286-288. | ||
| 700 |
_aDiala, Sherwin I. _eauthor. _960822 |
||
| 942 |
_2ddc _cPER |
||